Responses for Show #8970 - Friday, November 10, 2023

2023 Champions Wildcard Clubs quarterfinal game 2.

Contestants

[<< previous game]

Kate Lazo, an educational consultant from Walnut Creek, California

Dennis Chase, a biotech project manager from Palm Springs, California

Alan Johnson, an analytics engineer from Metuchen, New Jersey

[next game >>]

Jeopardy! Round responses

WHERE'S THAT?
MULTIPLY BY THE CLUE'S VALUE
DESIGNERS
INTERNAL RHYMES
GOLF
GREENS
    $200 20
the Alamo

Kate
    $200 4
1,400

Dennis
    $200 15
Prada

Dennis
    $200 27
a bigwig

Kate
    $200 24
driver

Alan
    $200 10
Kermit the Frog

Dennis
    $400 21
(Alan: What is the Great Wall?)
(Ken: More specifically?)

the Great Wall of China

Alan
    $400 5
(Alan: What is 1,200?)

12,000

AlanDennis
    $400 16
Klein

Dennis
    $400 3
humdrum

Dennis
    $400 23
the lie

Dennis
    $400 11
jade

Dennis
    $600 2
Walden Pond

Kate
    $600 6
420,000

Dennis
    $600 17
(Kate: Who is Versace?)
(Ken: More specifically?)

Donatella Versace

Kate
    $600 28
a backpack

Dennis
    $600 1
a wedge

Alan
    $600 12
olives

Kate
    $800 9
Pamplona

Dennis
    $800 7
(Kate: Ah, dang it.)

480

AlanKate
    $800 18
McQueen

Kate
    $800 29
a hobo

Alan
    $800 25
a double eagle

Triple Stumper
    $800 13
forest green

Dennis
    $1000 22
Windsor (Castle)

Alan
    $1000 8
(Dennis: What is 1,001,000?)
(Alan: What is 10,100,000?)

10,001,000

AlanDennis
Triple Stumper
    $1000 19
Michael Kors

Dennis
    $1000 30
ragtag

Dennis
    $1000 26
the fringe

Alan
    $1,500 14
(Dennis: What is... fluorine?)

chlorine

Dennis

Scores at the first commercial break (after clue 14):

Alan Dennis Kate
$0 $1,300 $400

Scores at the end of the Jeopardy! Round:

Alan Dennis Kate
$3,400 $4,900 $2,200

Double Jeopardy! Round responses

SHIPS
SOUND THE TRUMPET
THOSE DARN ETRUSCANS
TYPING TEST
LITERARY E-MAIL ADDRESSES
(Ken: Belonging to which character you'll have to tell us.)
DROP A LETTER
    $400 5
the NiƱa

Dennis
    $400 16
Armstrong

Alan
    $400 26
a toga

Alan
    $400 10
(Dennis: What is X?)

Z

AlanDennis
    $400 21
(Ken: Yes, that's correct, and it's weird that Moby-Dick has its own ISP, but I guess it does.)

Ahab

Alan
    $400 6
Koran (from Korean)

Kate
    $800 1
(Dennis: What is a battleship?)
(Kate: What is a U-boat?)
...
(Ken: It was [*], Kate, but it was shooting down a German ship; it was a Soviet [*].)

a submarine

DennisKate
Triple Stumper
    $800 17
"Sledgehammer"

Alan
    $800 27
terracotta

Alan
    $800 11
(Ken: [To Alan] You let him [Dennis] have it?)
[Laughter]

X

Alan
    $800 22
Hester Prynne

Kate
    $800 7
a pacemaker (from peacemaker)

Alan
    $1200 2
Britannia

Kate
    $1200 18
Wynton Marsalis

Dennis
    $2,200 8
Romulus & Remus

Alan
    $1200 12
we

Alan
    $1200 23
(Dennis: Who is McMurtry?)
...
(Ken: [*] is the guy in Cuckoo's Nest.)

Randle McMurphy

Dennis
Triple Stumper
    $1200 13
root (from robot)

Kate
    $2,600 3
the astronauts on Apollo 11 (Armstrong, Aldrin & Collins)

Kate
    $1600 19
(Miles) Davis

Alan
    $1600 9
Bologna

Dennis
    $1600 29
the ER

Dennis
    $1600 24
Yossarian

Dennis
    $1600 14
trade (from tirade)

Dennis
    $2000 4
(Alan: What is the Discovery?)
[ERRATUM: The ship shown was RV Atlantis (AGOR-25), launched in 1996; both the pictured ship and the space shuttle are named for the sailboat RV Atlantis launched in 1930, which is WHOI's first research vessel mentioned in the clue.]

the Atlantis

Alan
Triple Stumper
    $2000 20
Dizzy Gillespie

Dennis
    $2000 28
Herodotus

Triple Stumper
    $2000 30
A

Alan
    $2000 25
(Dennis: Who is "Mommie"?)

Marmee

DennisKate
    $2000 15
a lover (from louver)

Dennis

Scores at the end of the Double Jeopardy! Round:

Alan Dennis Kate
$13,200 $12,500 $9,600

[wagering suggestions for these scores]

Final Jeopardy! Round responses

THE CATHOLIC CHURCH
(Ken: [To Kate] Her mother Isabelle worked tirelessly to clear her name after she was burned at the stake.)
KateWho is Joan of Arc?
$9,500
DennisWho is Joan of Arc?
$10,500
AlanWho is Joanna
$11,801
Joan of Arc (Joan, Jeanne)

Final scores:

Alan Dennis Kate
$1,399 $23,000 $19,100
3rd place: $5,000 Winner: semifinalist 2nd place: $5,000

Game dynamics:

Coryat scores:

Alan Dennis Kate
$12,200 $14,000 $8,600
19 R
(including 1 DD),
3 W
22 R,
6 W
(including 1 DD)
12 R
(including 1 DD),
2 W

Combined Coryat: $34,800

[game clues] [game scores] [suggest correction]

Game tape date: 2023-10-17
The J! Archive is created by fans, for fans. Scraping, republication, monetization, and malicious use prohibited; this site may use cookies and collect identifying information. See terms. The Jeopardy! game show and all elements thereof, including but not limited to copyright and trademark thereto, are the property of Jeopardy Productions, Inc. and are protected under law. This website is not affiliated with, sponsored by, or operated by Jeopardy Productions, Inc. Join the discussion at JBoard.tv.